000 00525nam a2200181Ia 4500
999 _c16794
_d16794
003 OSt
005 20200606120009.0
008 190216s9999||||xx |||||||||||||| ||und||
020 _a9788190483247
040 _cMESKC library
082 _a954
_bSIN/N
100 _aSingh,Rampal
_989
245 0 _aNobel Puraskar Sammanit Bhartiya /
_cRampalsingh; Vimala Devi
260 _bNew Concepts Publishers,
_c2011.
_aDelhi :
300 _a193p
650 _aHindi
942 _cBK
_2ddc
_h954
_iSIN/N
_k954
_mSIN/N